Vista normal Vista MARC

Entrada Meeting Name

Número de registros utilizados en: 2

001 - CONTROL NUMBER

  • control field: 36887

003 - CONTROL NUMBER IDENTIFIER

  • control field: OSt

005 - DATE AND TIME OF LATEST TRANSACTION

  • control field: 20210415150239.0

008 - FIXED-LENGTH DATA ELEMENTS

  • fixed length control field: 210415|| aca||aabn | a|a d

040 ## - CATALOGING SOURCE

  • Original cataloging agency: OSt
  • Transcribing agency: OSt

111 ## - HEADING--MEETING NAME

  • Meeting name or jurisdiction name as entry element: Jornadas Latinoamericanas de Derecho Tributario
  • Number of part/section/meeting: (25a :
  • Date of meeting or treaty signing: 2010 :
  • Location of meeting: Cartagena)

670 ## - SOURCE DATA FOUND

  • Source citation: Work cat.: (OSt)7586: 14861, Foros y debates / , [2010?]